Organizaciones saludables : (Registro nro. 69609)
[ vista simple ]
| 000 -LEADER | |
|---|---|
| fixed length control field | 01327nam a2200349 i 4500 |
| 001 - CONTROL NUMBER | |
| control field | 69609 |
| 003 - CONTROL NUMBER IDENTIFIER | |
| control field | Mx-PuUPA |
| 005 - DATE AND TIME OF LATEST TRANSACTION | |
| control field | 20220819103921.0 |
| 008 - FIXED-LENGTH DATA ELEMENTS--GENERAL INFORMATION | |
| fixed length control field | 220602s2019 sp a|||gr|||| 00| 0 spa d |
| 020 ## - INTERNATIONAL STANDARD BOOK NUMBER | |
| International Standard Book Number | 9788413090740 |
| 040 ## - CATALOGING SOURCE | |
| Original cataloging agency | Mx-PuUPA |
| Language of cataloging | spa |
| Transcribing agency | Mx-PuUPA |
| Modifying agency | Mx-PuUPA |
| Description conventions | rda |
| 041 0# - LANGUAGE CODE | |
| Language code of text/sound track or separate title | spa |
| 100 1# - MAIN ENTRY--PERSONAL NAME | |
| Personal name | Salanova, Marisa, |
| 9 (RLIN) | 13135 |
| Relator term | autor |
| 245 10 - TITLE STATEMENT | |
| Title | Organizaciones saludables : |
| Remainder of title | una mirada desde la psicología positiva / |
| Statement of responsibility, etc. | Marisa Salanova, Susana Llorens, Isabel M. Martínez ; prólogo, Carmelo Vázquez |
| 250 ## - EDITION STATEMENT | |
| Edition statement | Primera edición |
| 264 #1 - PRODUCTION, PUBLICATION, DISTRIBUTION, MANUFACTURE, AND COPYRIGHT NOTICE | |
| Place of production, publication, distribution, manufacture | Cizur Menor, Navarra : |
| Name of producer, publisher, distributor, manufacturer | Editorial Aranzadi, |
| -- | Thomson Reuters, |
| Date of production, publication, distribution, manufacture, or copyright notice | ©2019 |
| 300 ## - PHYSICAL DESCRIPTION | |
| Extent | 330 páginas : |
| Other physical details | tablas ; |
| Dimensions | 24 cm |
| 336 ## - CONTENT TYPE | |
| Fuente | rdacontent |
| Content type term | texto |
| Content type code | txt |
| 337 ## - MEDIA TYPE | |
| Source | rdamedia |
| Media type term | sin medio |
| Media type code | n |
| 338 ## - CARRIER TYPE | |
| Source | rdacarrier |
| Carrier type term | volumen |
| Carrier type code | nc |
| 650 #7 - SUBJECT ADDED ENTRY--TOPICAL TERM | |
| Source of heading or term | armarc |
| Topical term or geographic name entry element | Trabajo |
| General subdivision | Aspectos psicológicos |
| 650 #7 - SUBJECT ADDED ENTRY--TOPICAL TERM | |
| Source of heading or term | armarc |
| Topical term or geographic name entry element | Comportamiento organizacional |
| 650 #7 - SUBJECT ADDED ENTRY--TOPICAL TERM | |
| Source of heading or term | armarc |
| Topical term or geographic name entry element | Organización |
| General subdivision | Aspectos psicológicos |
| 650 #7 - SUBJECT ADDED ENTRY--TOPICAL TERM | |
| Source of heading or term | armarc |
| Topical term or geographic name entry element | Psicología industrial |
| 700 1# - ADDED ENTRY--PERSONAL NAME | |
| Personal name | Llorens, Susana, |
| Relator term | autor |
| 700 1# - ADDED ENTRY--PERSONAL NAME | |
| Personal name | Martínez, Isabel M., |
| Relator term | autor |
| 700 1# - ADDED ENTRY--PERSONAL NAME | |
| Personal name | Vázquez, Carmelo, |
| Relator term | prologuista |
| 942 ## - ADDED ENTRY ELEMENTS (KOHA) | |
| Source of classification or shelving scheme | Dewey Decimal Classification |
| Koha item type | Libro |
| Classification part | 158.7 |
| Withdrawn status | Lost status | Source of classification or shelving scheme | Damaged status | Not for loan | Collection code | Home library | Current library | Shelving location | Date acquired | Source of acquisition | Cost, normal purchase price | Total Checkouts | Total Renewals | Full call number | Barcode | Date last seen | Date last checked out | Cost, replacement price | Price effective from | Koha item type |
|---|---|---|---|---|---|---|---|---|---|---|---|---|---|---|---|---|---|---|---|---|
| Dewey Decimal Classification | General | Biblioteca Karol Wojtyla | Biblioteca Karol Wojtyla | Sala general | 16/04/2024 | 1 | 1249.00 | 3 | 1 | 158.7 S155 2019 | 102532 | 05/01/2026 | 08/03/2024 | 1249.00 | 16/04/2024 | Libro |